|
|
|
|
| LEADER |
01634nam a22003853i 4500 |
| 001 |
EBC7007868 |
| 003 |
MiAaPQ |
| 005 |
20231204023225.0 |
| 006 |
m o d | |
| 007 |
cr cnu|||||||| |
| 008 |
231204s2002 xx o ||||0 eng d |
| 020 |
|
|
|a 9780472901937
|q (electronic bk.)
|
| 020 |
|
|
|z 9781929280209
|
| 035 |
|
|
|a (MiAaPQ)EBC7007868
|
| 035 |
|
|
|a (Au-PeEL)EBL7007868
|
| 035 |
|
|
|a (OCoLC)1328134744
|
| 040 |
|
|
|a MiAaPQ
|b eng
|e rda
|e pn
|c MiAaPQ
|d MiAaPQ
|
| 050 |
|
4 |
|a BV2628
|
| 100 |
1 |
|
|a Scheiner, Irwin.
|
| 245 |
1 |
0 |
|a Christian Converts and Social Protests in Meiji Japan.
|
| 250 |
|
|
|a 1st ed.
|
| 264 |
|
1 |
|a Ann Arbor :
|b University of Michigan, Center for Japanese Studies,
|c 2002.
|
| 264 |
|
4 |
|c Ã2002.
|
| 300 |
|
|
|a 1 online resource (145 pages)
|
| 336 |
|
|
|a text
|b txt
|2 rdacontent
|
| 337 |
|
|
|a computer
|b c
|2 rdamedia
|
| 338 |
|
|
|a online resource
|b cr
|2 rdacarrier
|
| 490 |
1 |
|
|a Michigan Classics in Japanese Studies ;
|v v.24
|
| 588 |
|
|
|a Description based on publisher supplied metadata and other sources.
|
| 590 |
|
|
|a Electronic reproduction. Ann Arbor, Michigan : ProQuest Ebook Central, 2023. Available via World Wide Web. Access may be limited to ProQuest Ebook Central affiliated libraries.
|
| 655 |
|
4 |
|a Electronic books.
|
| 776 |
0 |
8 |
|i Print version:
|a Scheiner, Irwin
|t Christian Converts and Social Protests in Meiji Japan
|d Ann Arbor : University of Michigan, Center for Japanese Studies,c2002
|z 9781929280209
|
| 797 |
2 |
|
|a ProQuest (Firm)
|
| 830 |
|
0 |
|a Michigan Classics in Japanese Studies
|
| 856 |
4 |
0 |
|u https://ebookcentral.proquest.com/lib/matrademy/detail.action?docID=7007868
|z Click to View
|